Исследование распределения микротвердости по глубине циркониевого сплава Э110 после облучения импульсным электронным пучком и наводороживания; Современные техника и технологии; Т. 1
| Parent link: | Современные техника и технологии: сборник трудов XXI международной научной конференции студентов, аспирантов и молодых ученых, Томск, 5-9 октября 2015 г./ Национальный исследовательский Томский политехнический университет (ТПУ).— , 2015 Т. 1.— [С. 318-320] |
|---|---|
| Autor principal: | |
| Autor corporatiu: | |
| Altres autors: | |
| Sumari: | Заглавие с титульного экрана |
| Idioma: | rus |
| Publicat: |
|
| Col·lecció: | Материалы и технологии новых поколений |
| Matèries: | |
| Accés en línia: | http://earchive.tpu.ru/handle/11683/22172 http://www.lib.tpu.ru/fulltext/c/2015/C01/V1/098.pdf |
| Format: | Electrònic Capítol de llibre |
| KOHA link: | https://koha.lib.tpu.ru/cgi-bin/koha/opac-detail.pl?biblionumber=615134 |
MARC
| LEADER | 00000naa2a2200000 4500 | ||
|---|---|---|---|
| 001 | 615134 | ||
| 005 | 20231101132837.0 | ||
| 035 | |a (RuTPU)RU\TPU\conf\13333 | ||
| 035 | |a RU\TPU\conf\13332 | ||
| 090 | |a 615134 | ||
| 100 | |a 20151027d2015 k y0rusy50 ca | ||
| 101 | 0 | |a rus | |
| 102 | |a RU | ||
| 105 | |a y z 101zy | ||
| 135 | |a drcn ---uucaa | ||
| 181 | 0 | |a i | |
| 182 | 0 | |a b | |
| 200 | 1 | |a Исследование распределения микротвердости по глубине циркониевого сплава Э110 после облучения импульсным электронным пучком и наводороживания |d Studies of the microhardness depth distribution in the zirconium alloy Zr-1Nb after irradiation by pulsed electron beam and hydrogenation |f М. Н. Бабихина |g науч. рук. В. Н. Кудияров | |
| 203 | |a Текст |c электронный | ||
| 225 | 1 | |a Материалы и технологии новых поколений | |
| 230 | |a 1 компьютерный файл (pdf; 501 Kb) | ||
| 300 | |a Заглавие с титульного экрана | ||
| 320 | |a [Библиогр.: с. 320 (3 назв.)] | ||
| 337 | |a Adobe Reader | ||
| 461 | 1 | |0 (RuTPU)RU\TPU\conf\13102 |t Современные техника и технологии |o сборник трудов XXI международной научной конференции студентов, аспирантов и молодых ученых, Томск, 5-9 октября 2015 г. |o в 2 т. |f Национальный исследовательский Томский политехнический университет (ТПУ) |d 2015 | |
| 463 | 0 | |0 (RuTPU)RU\TPU\conf\13104 |t Т. 1 |f под ред. А. А. Сивкова [и др.] |v [С. 318-320] | |
| 510 | 1 | |a Studies of the microhardness depth distribution in the zirconium alloy Zr-1Nb after irradiation by pulsed electron beam and hydrogenation |z eng | |
| 610 | 1 | |a труды учёных ТПУ | |
| 610 | 1 | |a электронный ресурс | |
| 610 | 1 | |a микротвердость | |
| 610 | 1 | |a циркониевые сплавы | |
| 610 | 1 | |a облучение | |
| 610 | 1 | |a импульсные пучки | |
| 610 | 1 | |a электронные пучки | |
| 610 | 1 | |a наводороживание | |
| 700 | 1 | |a Бабихина |b М. Н. | |
| 702 | 1 | |a Кудияров |b В. Н. |c физик |c инженер Томского политехнического университета |f 1990- |g Виктор Николаевич |2 stltpush |4 727 | |
| 712 | 0 | 2 | |a Национальный исследовательский Томский политехнический университет (ТПУ) |b Физико-технический институт (ФТИ) |b Кафедра общей физики (ОФ) |h 136 |2 stltpush |3 (RuTPU)RU\TPU\col\18734 |
| 801 | 2 | |a RU |b 63413507 |c 20210120 |g RCR | |
| 856 | 4 | |u http://earchive.tpu.ru/handle/11683/22172 | |
| 856 | 4 | |u http://www.lib.tpu.ru/fulltext/c/2015/C01/V1/098.pdf | |
| 942 | |c BK | ||